000 00518nam a22001577a 4500
999 _c60639
_d60639
005 20230927170842.0
008 230927s1930 enk||||| |||| 00| 0 eng d
041 _aeng
080 _a355/359 T-21
100 _aTarn, W. W.
_919936
245 _aHellenistic Military and Naval Developments /
_cW.W. Tarn.
264 _aChicago,
_c1930.
300 _a169 p.;
_b21 cm.
653 _aელინისტური სამხედრო და საზღვაო განვითარება
942 _2udc
_cBK